Tučniak - tučniačik

Bibliographic Details
Format: Article
Language:Slovak
ISSN:ISSN 1335-020X
Subjects:

MARC

LEADER 00000nab a2200000 a 4500
001 vtls010212491
003 SK-MaSNL
005 20260303093609.0
008 110218c2011 xo m p 000 0 slo
015 |a SNBRB 2011/02 
038 |a K EKMK 
040 |a KEKMK  |b slo  |c KEKMK  |e AACR2 
041 |a slo 
044 |a xo  |c SK 
080 |a 82-93  |2 2001 
080 |a 598.45  |2 2001 
245 0 0 |a Tučniak - tučniačik 
650 0 7 |a literatúra pre deti a mládež  |2 kekmk  |9 21893 
650 0 7 |a tučniaky  |2 kekmk  |9 73398 
773 0 |t Fifík  |g Roč. 21, č.5(január 2011), s.7.  |x ISSN 1335-020X 
852 |a KEKMK  |b KIS3G 
958 |a DB 
999 |c 1816321  |d 1818251